000 00863cam a2200337 4500500
005 20260329005042.0
041 _afre
042 _adc
100 1 0 _aChambrun, Marius
_eauthor
245 0 0 _aQue ferez-vous face au lion ?
260 _c2022.
500 _a73
690 _aChoix
690 _aConfort
690 _acourage
690 _aDécision
690 _aDémocratie
690 _aDiscipline
690 _aÉgalité
690 _aEngagement
690 _aHéroïsme
690 _aMilieu
690 _aPlaton
690 _aSartre
690 _aSénèque
690 _aStoïcisme
690 _aTocqueville
690 _aVertu
786 0 _nPhilosophie magazine | 159 | 5 | 2022-05-01 | p. 29-31 | 1951-1787
856 4 1 _uhttps://shs.cairn.info/magazine-philosophie-magazine-2022-5-page-29?lang=fr&redirect-ssocas=7080
999 _c1839812
_d1839812